| 000 | 00667nam a2200181Ia 4500 | ||
|---|---|---|---|
| 008 | 090630s9999 xx 000 0 und d | ||
| 082 | _b4267 | ||
| 100 | _aदेवगिरीकर त्र्यं. र. | ||
| 245 |
_aराजकीय आठवणी. _cदेवगिरीकर त्र्यं. र. |
||
| 260 |
_bचित्रशाळा. _c1965 |
||
| 300 | _a314 | ||
| 600 | _aदेवगिरीकर त्र्यं. र. | ||
| 630 | _aराजकीय आठवणी. | ||
| 655 | _aइतर. | ||
| 700 | _aदेवगिरीकर त्र्यं. र. | ||
| 730 | _aराजकीय आठवणी. | ||
| 942 | _cBOOK | ||
| 999 |
_c256123 _d256123 |
||